000 00604nam a2200217 i 4500
001 C2-0223583
003 PPAK
005 20180728152406.0
008 000222s1974 my a|||| ||||| | may d
040 _aPPAK
_beng
_cPPAK
_erda
082 0 4 _a899.231
_223
090 0 0 _a899.231
_bBEB
_dKAH
245 0 0 _aBebunga :
_bkumpulan kreatif seniman angkatan tentera Malaysia
264 1 _aKuala Lumpur :
_c1974
300 _a58 pages :
_billustrations ;
_c19 cm
336 _2rdacontent
_atext
337 _2rdamedia
_aunmediated
338 _2rdacarrier
_avolume
650 1 0 _aMalay poetry
942 _ddc
_cB
999 _c144688
_d144688